000 00407cam a2200157ua 4500
020 _cRs 2.50
041 _amal
_h
082 _a894.812308
_bMAT/BA
100 _aMathew, Vengalloor .
245 _aBaliyadukal /
_cVengalloor Mathew.
_hTextual Documents
260 _aKonni :
_bVenus Press & Book Depot, ,
_c1966.
300 _a203 ; .
365 _aRs 2.50
942 _cBK
999 _c4230
_d4230